00396aas a2200109 4500008004100000245011500041260005200156300001300208650001300221650002700234650002500261240219b |||||||| |||| 00| 0 eng d aJournal :bInstitute of Muslim minority affairs-Vol. II, no. 2 (Winter 1980) and Vol. III, no. 1 (Summer 1981) aJeddah :bKing Abdulaziz University,c1980-1981 b1-245 p. aMuslims  aNon-Islamic countries  aReligious minorities